Largest Cities by State (CAN Provinces) - Statistics

General Stats
  • This quiz has been taken 16 times
  • The average score is 10 of 13
Answer Stats
Hint Answer % Correct
Quebec Montreal
100%
Ontario Toronto
100%
Alberta Calgary
86%
British Columbia Vancouver
86%
Nova Scotia Halifax
79%
Manitoba Winnipeg
79%
Northwest Territories Yellowknife
71%
New Brunswick Saint John
64%
Saskatchewan Saskatoon
64%
Prince Edward Island Charlottetown
57%
Newfoundland and Labrador Saint John's
57%
Yukon Territory Whitehorse
57%
Nunavut Iqaluit
50%
No matching quizzes found
Score Distribution
Percent of People with Each Score
Percentile by Number Answered
Your Score History
You have not taken this quiz